01266nam a22003497a 4500001001000000003001100010005001700021008004100038020001500079040002400094050001900118110005600137240005100193245004100244260007100285300004000356500001200396505010300408650005100511651007400562700002100636700002800657700002300685700002900708700002100737700002600758700002200784700002600806700003100832700002600863700002700889BRCA_9410FranzMayer20230918125656.0230904b |||||||| |||| 00| 0 eng d a0943836255 aMFMbESPAÑOLcMFM 0aN680bP46 20051 4ResponsableaPennsylvania Academic of the Fine Arts a200 Years of Excellent Art 1805-2005lInglés0 a200 Years of Excellent Art 1805-2005 aPennsylvania, EE.UU.bPennsylvania Academic of the Fine Artsc2005 a312 pbIlustraciones a colorc30 cm aAnexo 1 aTexto en: inglésIncluye índice temáticoIncluye cronologíaDirigido a: historiadores de arte1 2Artes visualesaMuseos y galeriasvColecciones2 2Museos de EE.UU.aFiladelfia vPennsylvania academic of the Fine Arts1 4Col.aHian, Mark1 4Col.aLewis, Michael J.1 4Col.aMay, Stephen1 4Col.aOnorato, Ronald J.1 4Col.aSajet, Kim1 4Col.aSaylor, Peter M1 4Col.aBaker, Alex1 4Col.aLeibold, Cheryl1 4Col.aMarsden-Atlass, Lynn1 4Col.aRichards, kevin1 4Col.aRudolph, William